| 000 | 00515nam a2200133Ia 4500 | ||
|---|---|---|---|
| 008 | 100415s9999 xx 000 0 und d | ||
| 082 |
_b19225 _a574 |
||
| 245 | _aBiology Education: 019225 - vol.7; 1990 [no.4 is missing]: - vol.7; 1990 [no.4 is missing] | ||
| 260 | _c0 | ||
| 365 | _b0 | ||
| 630 | _aBiology Education: 019225 - vol.7; 1990 [no.4 is missing]: - vol.7; 1990 [no.4 is missing] | ||
| 730 | _aBiology Education: 019225 - vol.7; 1990 [no.4 is missing]: - vol.7; 1990 [no.4 is missing] | ||
| 942 | _cBOOK | ||
| 999 |
_c602122 _d602119 |
||